Correo de Gerona del martes 28 de junio de 1808. En que se da... noticia de la expedición del exército francés contra dicha ciudad

Detalles Bibliográficos
Formato: Libro
Publicado: Cádiz/México 1808
Materias:
Colección:Banco de datos
Acervo:Biblioteca Nacional de Antropología e Historia. Fondo Conventual
Tema general:Periódico
Notas:Buena. Encuadernada con 25 obras. XVII, 9, 9.
LEADER 00726nam a22001810004500
035 |a 7338 
036 |a 1943 
245 1 0 |a Correo de Gerona del martes 28 de junio de 1808. En que se da... noticia de la expedición del exército francés contra dicha ciudad 
260 |a Cádiz/México  |b Nicolás Gómez de Requena  |c 1808 
500 |a Buena. Encuadernada con 25 obras. XVII, 9, 9. 
650 1 0 |a Periódico 
949 |a B.N.A.H. 
959 |a Biblioteca Nacional de Antropología e Historia. Ciudad de México  |b CCC1 
960 |a Seminario de Morelia  |b DD56 
961 |a Casa de formación del Clero Secular  |b CS 
942 |c B.N.A.H. 
943 |g Biblioteca Nacional de Antropología e Historia. Fondo Conventual 
999 |c 1031870  |d 1031870